[Event "Titled Tuesday intern op 10th Nov"]
[Site "Chess.com INT"]
[Date "2020.11.10"]
[Round "3"]
[White "Van Dael, Siem"]
[Black "Haddouche, Mohamed Amine"]
[Result "0-1"]
[WhiteElo "2341"]
[BlackElo "2483"]
[PlyCount "62"]
[EventDate "2020.11.10"]
[EventType "swiss (blitz)"]
[EventRounds "11"]
[EventCountry "USA"]
[SourceTitle "CBM 199 Extra"]
[Source "ChessBase"]
[SourceDate "2021.01.31"]
[SourceVersion "1"]
[SourceVersionDate "2021.01.31"]
[SourceQuality "1"]

1. e4 e5 2. Nf3 Nc6 3. Nc3 g6 4. d4 exd4 5. Nxd4 Bg7 6. Be3 Nf6 7. Qd2 0-0 8. 0-0-0 Re8 9. f3 d6 10. g4 Nd7 11. Nxc6 bxc6 12. h4 Rb8 13. Bh6 Bh8 14. h5 Ne5 15. Be2 Be6 16. Bg5 Bf6 17. Bxf6 Qxf6 18. g5 Qg7 19. f4 Nd7 20. Bd3 Bg4 21. Rdg1 Bxh5 22. f5 Qe5 23. f6 Nc5 24. Rh3 Rb4 25. Rxh5 gxh5 26. Qe2 Qf4+ 27. Kb1 Reb8 28. Qxh5 Rxb2+ 29. Ka1 Qe5 30. Qh6 Ne6 31. Bc4 Rb1+ 0-1

[Event "Titled Tuesday intern op 21st April"]
[Site "Chess.com INT"]
[Date "2020.04.21"]
[Round "7"]
[White "Haddouche, Mohamed Amine"]
[Black "Orantes Taboada, Francisco"]
[Result "1-0"]
[WhiteElo "2483"]
[BlackElo "2244"]
[PlyCount "85"]
[EventDate "2020.04.21"]
[EventType "swiss (blitz)"]
[EventRounds "10"]
[EventCountry "USA"]
[SourceTitle "EXT 2021"]
[Source "ChessBase"]
[SourceDate "2020.10.23"]
[SourceVersion "1"]
[SourceVersionDate "2020.10.23"]
[SourceQuality "1"]

1. e4 c5 2. Nf3 Nc6 3. Bb5 a6 4. Bxc6 dxc6 5. h3 Qc7 6. d3 e5 7. 0-0 Bd6 8. Nbd2 Ne7 9. Nc4 0-0 10. a4 a5 11. b3 f6 12. Nh4 Be6 13. Nxd6 Qxd6 14. Be3 b5 15. f4 exf4 16. Bxf4 Qd4+ 17. Kh1 c4 18. Nf3 Qd7 19. d4 Ng6 20. Bg3 Rae8 21. axb5 cxb5 22. Rxa5 cxb3 23. cxb3 Bxh3 24. gxh3 Qxh3+ 25. Bh2 Rxe4 26. Ra2 Nf4 27. Ng1 Qh4 28. Qf3 Rfe8 29. Qg3 Qxg3 30. Bxg3 Nh5 31. Bf2 g5 32. d5 Rd8 33. Rd2 g4 34. d6 g3 35. Bb6 Rh4+ 36. Nh3 Rxh3+ 37. Kg1 Rd7 38. Bc7 Kf7 39. Rd5 g2 40. Kxg2 Rh4 41. Rxb5 Nf4+ 42. Kg3 Ng6 43. Rbf5 1-0

[Event "Titled Tuesday intern op 21st April"]
[Site "Chess.com INT"]
[Date "2020.04.21"]
[Round "8"]
[White "Janaszak, Dawid"]
[Black "Haddouche, Mohamed Amine"]
[Result "1/2-1/2"]
[WhiteElo "2356"]
[BlackElo "2483"]
[PlyCount "102"]
[EventDate "2020.04.21"]
[EventType "swiss (blitz)"]
[EventRounds "10"]
[EventCountry "USA"]
[SourceTitle "EXT 2021"]
[Source "ChessBase"]
[SourceDate "2020.10.23"]
[SourceVersion "1"]
[SourceVersionDate "2020.10.23"]
[SourceQuality "1"]

1. Nf3 Nf6 2. c4 g6 3. g3 Bg7 4. Bg2 d6 5. 0-0 0-0 6. d4 Nc6 7. Nc3 Bg4 8. h3 Bxf3 9. Bxf3 Nd7 10. e3 e5 11. Ne2 h6 12. Bg2 f5 13. dxe5 dxe5 14. Rb1 Kh7 15. b4 e4 16. Nf4 Nde5 17. Ne6 Qxd1 18. Nxf8+ Rxf8 19. Rxd1 Nxc4 20. Rd7 Rc8 21. Bf1 N4e5 22. Rd1 Nd8 23. Bb2 Ndf7 24. Bxe5 Nxe5 25. Be2 Kg8 26. Rbc1 Kf7 27. a4 Ke7 28. Kg2 h5 29. Rd5 c6 30. Rd2 Bf8 31. f3 exf3+ 32. Bxf3 Rc7 33. b5 c5 34. Kf2 c4 35. Be2 Kf6 36. Rdc2 Ba3 37. Ra1 Bb4 38. Rb1 Ba5 39. Rbc1 c3 40. Rd1 Ke6 41. Rd4 Bb6 42. Rd1 g5 43. Bxh5 f4 44. gxf4 gxf4 45. Bg4+ Ke7 46. Ke2 Bxe3 47. Rd5 Kf6 48. Rd6+ Kg5 49. Rd5 Kf6 50. Rd6+ Kg5 51. Rd5 Kf6 1/2-1/2

[Event "Sharjah Ramadan op rapid"]
[Site "Sharjah"]
[Date "2019.05.17"]
[Round "9"]
[White "Haddouche, Mohamed Amine"]
[Black "Guseinov, Gadir"]
[Result "1/2-1/2"]
[WhiteElo "2483"]
[BlackElo "2654"]
[PlyCount "118"]
[EventDate "2019.05.13"]
[EventType "swiss (rapid)"]
[EventRounds "9"]
[EventCountry "UAE"]
[SourceTitle "CBM 190 Extra"]
[Source "ChessBase"]
[SourceDate "2019.07.15"]
[SourceVersion "1"]
[SourceVersionDate "2019.07.15"]
[SourceQuality "1"]

1. e4 c5 2. Nf3 Nc6 3. d4 cxd4 4. Nxd4 g6 5. c4 Bg7 6. Be3 Qb6 7. Nb3 Qd8 8. Nc3 Nf6 9. Be2 d6 10. 0-0 0-0 11. f3 Bd7 12. Qd2 Rc8 13. Rac1 Be6 14. Nd5 b6 15. Nd4 Nxd4 16. Bxd4 Nd7 17. b4 a5 18. a3 Ra8 19. f4 axb4 20. axb4 Bxd4+ 21. Qxd4 Ra2 22. Bf3 Re8 23. Ne3 f6 24. Ra1 Rxa1 25. Rxa1 Qb8 26. h3 Kf8 27. Ra3 Rc8 28. Be2 Qb7 29. Kh2 Ra8 30. Rxa8+ Qxa8 31. Nd5 Qa3 32. Nxb6 Qxb4 33. Nxd7+ Bxd7 34. e5 fxe5 35. fxe5 Be6 36. exd6 Qxd6+ 37. Qxd6 exd6 38. Kg3 Ke7 39. Kf4 Kf6 40. h4 h6 41. g4 g5+ 42. hxg5+ hxg5+ 43. Ke4 Bf7 44. Kd4 Bg8 45. Bf3 Be6 46. Be2 Bc8 47. Bf3 Ba6 48. Bd1 Bb7 49. Be2 Bg2 50. Bd1 Ke6 51. Bc2 Bf3 52. Bf5+ Kf6 53. Bc8 Bd1 54. Bf5 Bb3 55. Bc8 Bc2 56. Bb7 Ke7 57. c5 dxc5+ 58. Kxc5 Bd1 59. Bc8 Bxg4 1/2-1/2

[Event "Sharjah Ramadan op rapid"]
[Site "Sharjah"]
[Date "2019.05.14"]
[Round "4"]
[White "Haddouche, Mohamed Amine"]
[Black "Abdisalimov, Abdimalik"]
[Result "1/2-1/2"]
[WhiteElo "2483"]
[BlackElo "2409"]
[PlyCount "45"]
[EventDate "2019.05.13"]
[EventType "swiss (rapid)"]
[EventRounds "9"]
[EventCountry "UAE"]
[SourceTitle "CBM 190 Extra"]
[Source "ChessBase"]
[SourceDate "2019.07.15"]
[SourceVersion "1"]
[SourceVersionDate "2019.07.15"]
[SourceQuality "1"]

1. e4 c5 2. Nf3 d6 3. d4 cxd4 4. Qxd4 Nc6 5. Bb5 Qa5+ 6. Nc3 Qxb5 7. Nxb5 Nxd4 8. Nfxd4 Kd8 9. c4 Nf6 10. f3 a6 11. Nc3 e5 12. Nde2 Be6 13. b3 b5 14. cxb5 axb5 15. Nxb5 Bxb3 16. Nec3 d5 17. Bb2 Bc4 18. 0-0-0 d4 19. Nxd4 Nd7 20. Ndb5 f6 21. a4 Bb4 22. Kc2 Ke7 23. Ba3 1/2-1/2

[Event "PRO League Stage"]
[Site "Chess.com INT"]
[Date "2019.02.07"]
[Round "5"]
[White "Haddouche, Mohamed Amine"]
[Black "Sevian, Samuel"]
[Result "0-1"]
[WhiteElo "2489"]
[BlackElo "2647"]
[PlyCount "70"]
[EventDate "2019.01.08"]
[EventType "team-swiss (rapid)"]
[EventRounds "10"]
[EventCountry "USA"]
[SourceTitle "CBM 188 Extra"]
[Source "ChessBase"]
[SourceDate "2019.02.26"]
[SourceVersion "1"]
[SourceVersionDate "2019.02.26"]
[SourceQuality "1"]
[WhiteTeam "Miami Champions"]
[BlackTeam "Montclair Sopranos"]
[WhiteTeamCountry "USA"]
[BlackTeamCountry "USA"]

1. e4 e5 2. Nf3 Nc6 3. Bc4 Bc5 4. 0-0 Nf6 5. d3 0-0 6. h3 h6 7. c3 d6 8. Re1 a6 9. Bb3 Re8 10. Nbd2 Be6 11. Bc2 d5 12. exd5 Bxd5 13. b4 Ba7 14. a4 b5 15. Bb2 Bb6 16. Rc1 Qd7 17. Ne4 Nh7 18. Ng3 Rad8 19. axb5 axb5 20. Qe2 Re6 21. Nd2 Rf6 22. Nde4 Rg6 23. d4 Bc4 24. Qf3 exd4 25. Nc5 Bxc5 26. Bxg6 Ng5 27. Qg4 Qxg4 28. hxg4 fxg6 29. bxc5 d3 30. Rcd1 d2 31. Re2 Bxe2 32. Nxe2 Na5 33. Nd4 Nc4 34. Ba1 Ne4 35. c6 Re8 0-1

[Event "El Ksiba op"]
[Site "El Ksiba"]
[Date "2018.04.29"]
[Round "3"]
[White "Haddouche, Mohamed Amine"]
[Black "Bouhaddoun, Oussama"]
[Result "1-0"]
[WhiteElo "2506"]
[BlackElo "2223"]
[PlyCount "111"]
[EventDate "2018.04.28"]
[EventType "swiss"]
[EventRounds "9"]
[EventCountry "MAR"]
[SourceTitle "CBM 184 Extra"]
[Source "ChessBase"]
[SourceDate "2018.06.28"]
[SourceVersion "1"]
[SourceVersionDate "2018.06.28"]
[SourceQuality "1"]

1. e4 c5 2. Nf3 Nc6 3. Bb5 g6 4. Bxc6 bxc6 5. 0-0 Bg7 6. Re1 Nf6 7. e5 Nd5 8. c4 Nc7 9. d4 cxd4 10. Qxd4 0-0 11. Nc3 h6 12. Qh4 Kh7 13. Ng5+ Kg8 14. Nge4 d5 15. Rd1 Kh7 16. Ng5+ Kg8 17. Nf3 Kh7 18. Be3 f6 19. exf6 exf6 20. Qg3 Be6 21. Bf4 Ne8 22. Nd4 Bd7 23. cxd5 cxd5 24. Nxd5 g5 25. Bc7 Qc8 26. Ba5 Qb7 27. Nb3 Bc6 28. Nb4 Ba4 29. Qd3+ f5 30. Nc5 Qb5 31. Qxb5 Bxb5 32. Ne6 Rf7 33. Nxg7 Nxg7 34. Rac1 Re8 35. Nd5 Ne6 36. Bc3 Nf4 37. Nxf4 gxf4 38. f3 Rd7 39. Rxd7+ Bxd7 40. Rd1 Be6 41. a3 Re7 42. Rd4 Rc7 43. Rd6 Bc4 44. Bd2 Re7 45. Rd4 Bb5 46. Rxf4 Kg6 47. Rb4 Bd3 48. Rd4 Bb5 49. Rd6+ Kg7 50. Bxh6+ Kh7 51. Bd2 Rd7 52. Rxd7+ Bxd7 53. h3 Kg6 54. g4 fxg4 55. hxg4 a6 56. Kf2 1-0

[Event "El Ksiba op"]
[Site "El Ksiba"]
[Date "2018.04.28"]
[Round "1"]
[White "Haddouche, Mohamed Amine"]
[Black "Beladel, Brahim"]
[Result "1-0"]
[WhiteElo "2506"]
[BlackElo "1990"]
[PlyCount "73"]
[EventDate "2018.04.28"]
[EventType "swiss"]
[EventRounds "9"]
[EventCountry "MAR"]
[SourceTitle "CBM 184 Extra"]
[Source "ChessBase"]
[SourceDate "2018.06.28"]
[SourceVersion "1"]
[SourceVersionDate "2018.06.28"]
[SourceQuality "1"]

1. e4 c5 2. Nf3 d6 3. d4 cxd4 4. Qxd4 Nc6 5. Bb5 Bd7 6. Bxc6 Bxc6 7. Nc3 Nf6 8. Bg5 e6 9. 0-0-0 Be7 10. Qd3 0-0 11. Nd4 Qa5 12. h4 Rfe8 13. Kb1 Rac8 14. f4 a6 15. f5 e5 16. Bxf6 Bxf6 17. Nb3 Qb6 18. g4 Be7 19. g5 a5 20. Nd2 Qd4 21. Qf3 b5 22. Nf1 Qb6 23. Ne3 Bf8 24. f6 b4 25. Ncd5 Bxd5 26. Nxd5 Qc5 27. Rh2 a4 28. h5 b3 29. cxb3 axb3 30. Qxb3 Rb8 31. Qd3 Ra8 32. g6 Qa7 33. a3 fxg6 34. hxg6 hxg6 35. Qc4 Qf7 36. Rdh1 Qe6 37. Qc7 1-0

[Event "Sharjah Masters 2nd"]
[Site "Sharjah"]
[Date "2018.04.17"]
[Round "8"]
[White "Kowsarinia, Amir"]
[Black "Haddouche, Mohamed Amine"]
[Result "0-1"]
[WhiteElo "2316"]
[BlackElo "2506"]
[PlyCount "92"]
[EventDate "2018.04.12"]
[EventType "swiss"]
[EventRounds "9"]
[EventCountry "UAE"]
[SourceTitle "CBM 184 Extra"]
[Source "ChessBase"]
[SourceDate "2018.06.28"]
[SourceVersion "1"]
[SourceVersionDate "2018.06.28"]
[SourceQuality "1"]

1. d4 Nf6 2. c4 d6 3. Nc3 Nbd7 4. Nf3 e5 5. g3 c6 6. Bg2 Be7 7. 0-0 0-0 8. Qc2 a6 9. b3 Re8 10. Bb2 Bf8 11. dxe5 dxe5 12. Rad1 Qc7 13. Nd2 Nc5 14. Nde4 Nfxe4 15. Nxe4 f5 16. Ng5 a5 17. Nf3 g6 18. Qc1 Bg7 19. Ba3 b6 20. Qe3 Qe7 21. Ne1 e4 22. f3 Ra7 23. fxe4 fxe4 24. Nc2 Rd7 25. Nd4 Rd6 26. Nc2 Bf5 27. Kh1 Qd7 28. Qc1 Bg4 29. Bxc5 bxc5 30. Rxd6 Qxd6 31. Qf4 Qe6 32. Qd2 a4 33. bxa4 Qxc4 34. Qf4 Bxe2 35. Ne3 Qxa2 36. Re1 Bd3 37. Ng4 Qxa4 38. Nf2 Rf8 39. Qd2 Qb4 40. Qxb4 cxb4 41. Nxe4 b3 42. Nc5 Bc2 43. Bxc6 b2 44. Bd5+ Kh8 45. Ba2 Ra8 46. Bd5 Ra1 0-1